U-Bahn München Stationen - Statistiken

Allgemein
  • Dieses Quiz wurde 448 mal gespielt
  • Das Durchschnittsergebnis liegt bei 52 aus 96
Antwortstatistiken
Antwort % Korrekt
Hauptbahnhof
93%
Marienplatz
88%
Odeonsplatz
86%
Garching
84%
Karlsplatz (Stachus)
84%
Olympia-Einkaufszentrum
83%
Sendlinger Tor
82%
Münchner Freiheit
81%
Theresienwiese
80%
Garching Forschungszentrum
78%
Universität
76%
Giselastraße
75%
Fröttmaning
74%
Messestadt Ost
74%
Moosach
74%
Neuperlach Süd
72%
Arabellapark
71%
Klinikum Großhadern
71%
Ostbahnhof
71%
Studentenstadt
69%
Messestadt West
68%
Lehel
67%
Olympiazentrum
67%
Feldmoching
66%
Laimer Platz
66%
Poccistraße
66%
Goetheplatz
65%
Mangfallplatz
65%
Fürstenried West
63%
Königsplatz
63%
Großhadern
62%
Harras
62%
Scheidplatz
61%
Giesing
60%
Max-Weber-Platz
60%
Freimann
59%
Implerstraße
58%
Innsbrucker Ring
58%
Neuperlach Zentrum
58%
Fraunhoferstraße
57%
Kieferngarten
56%
Westfriedhof
56%
Nordfriedhof
55%
Kolumbusplatz
54%
Schwanthalerhöhe
54%
Garching-Hochbrück
53%
Thalkirchen (Tierpark)
53%
Trudering
53%
Bonner Platz
52%
Rotkreuzplatz
51%
Alte Heide
50%
Am Hart
50%
Hasenbergl
50%
Westendstraße
50%
Theresienstraße
49%
Frankfurter Ring
48%
Gern
48%
Haderner Stern
47%
Michaelibad
47%
Heimeranplatz
46%
Petuelring
46%
Stiglmaierplatz
44%
Westpark
44%
Brudermühlstraße
43%
Josephsplatz
43%
Milbertshofen
43%
Oberwiesenfeld
43%
Silberhornstraße
43%
Wettersteinplatz
43%
Hohenzollernplatz
42%
Prinzregentenplatz
42%
Dietlindenstraße
41%
Moosacher St.-Martins-Platz
41%
St.-Quirin-Platz
41%
Holzapfelkreuth
40%
Quiddestraße
39%
Candidplatz
38%
Georg-Brauchle-Ring
38%
Maillingerstraße
38%
Obersendling
38%
Harthof
37%
Forstenrieder Allee
36%
Moosfeld
36%
Aidenbachstraße
35%
Karl-Preis-Platz
34%
Untersbergstraße
34%
Partnachplatz
33%
Josephsburg
32%
Basler Straße
31%
Böhmerwaldplatz
31%
Dülferstraße
29%
Kreillerstraße
29%
Machtlfinger Straße
29%
Richard-Strauss-Straße
29%
Therese-Giehse-Allee
29%
Friedenheimer Straße
26%
Keine übereinstimmenden Quizze gefunden
Verteilung der Resultate
Anzahl Personen mit jedem Resultat
Perzentil nach korrekt beantworteten Fragen
Ihre Resultats-Entwicklung
Sie haben dieses Quiz noch nicht gespielt